000 00725nam a22002537a 4500
001 52318
003 UA-OsUOA
005 20210112114955.0
007 ta
008 20080211b un ||||| |||| 00| 0 ukr d
020 _a966-574-861-0
040 _aUA-OsUOA
_bukr
_cUA-OsUOA
_dUA-OsUOA
041 _aukr
080 _a004.9
090 _a004.9
_bБ57
100 _aБєгун А.
245 _aОб'єктно-орієнтоване програмування
260 _aК.
_bКНЕУ
_c2006
300 _a128 с.
650 7 _a00 Загальні питання науки і культури
_2UDC
942 _cBK
_2udc
955 _a2
999 _c338407
_d338407